Statistics for U.S. Multiple Choice General Knowledge #2

Click here to take the quiz!

General Stats

  • This quiz has been taken 12,126 times
  • The average score is 10 of 15

Answer Stats

QuestionAnswer% Correct
What object is the Statue of Liberty holding aloft in her right hand?Torch
89%
Which of these people is "dabbing"?
82%
What color eyes did Frank Sinatra have?Blue
74%
Take a random man in the United States. Which letter is most likely to be the first letter of his first name?J
70%
In what field did Dr. Martin Luther King, Jr. receive his doctorate degree?Theology
70%
Howard, Tuskegee, and Grambling are all colleges in the United States. What do they have in common?They are historically black colleges
70%
What type of vehicle was O.J. Simpson riding in during his flight from the police in 1994?Ford Bronco
68%
How many people die in the United States due to rattlesnake bites in an average year?≈ 5
64%
Which of these coins weighs the least?Dime
64%
Which of these places does NOT appear on a Monopoly board?Michigan Avenue
63%
What's longer, a mile or a nautical mile?Nautical mile
63%
Which adjective best describes the Keystone Cops?Bumbling
58%
What was Robert F. Kennedy's position during the Presidency of his brother John F. Kennedy?Attorney General
56%
Which of these is closest in size to a liter?Quart
53%
How much is "two bits" worth?25 cents
27%

Score Distribution

Percentile by Number Answered

Percent of People with Each Score

Your Score History

You have not taken this quiz